[Event "San Francisco cat 4th"]
[Site "San Francisco"]
[Date "2000.05.06"]
[Round "2"]
[White "Raspo, Maximiliano"]
[Black "Imhoff, Pablo"]
[Result "1-0"]
[WhiteElo "632"]
[BlackElo "567"]
[PlyCount "31"]
[EventDate "2000.05.06"]
[EventType "team"]
[EventRounds "7"]
[EventCountry "ARG"]
[SourceTitle "EXT 2005"]
[Source "ChessBase"]
[SourceDate "2004.11.15"]
[SourceVersion "1"]
[SourceVersionDate "2004.11.15"]
[SourceQuality "1"]

1. e4 e5 2. Nf3 Nf6 3. Nxe5 d6 4. Nf3 Bg4 5. h3 Bxf3 6. Qxf3 Qe7 7. Nc3 d5 8. d3 dxe4 9. dxe4 Qb4 10. Bd2 Qxb2 11. Rb1 Qxc2 12. e5 Nfd7 13. Qxb7 Nb6 14. Qxc7 Na6 15. Bb5+ Nd7 16. Qxd7# 1-0